| 000 | 00411nam a22001457a 4500 | ||
|---|---|---|---|
| 020 | _a9788120311770 | ||
| 082 |
_222 _a005.73 |
||
| 100 | _aLangsam, Yedidyah...[et al.] | ||
| 245 | _aData structures using C and C++ / | ||
| 250 | _a2 nd. | ||
| 260 |
_aNew Delhi, _bPrentice Hall, _cc2010. |
||
| 300 |
_axvi,672 p. ; _bill. ; _c24 cm. |
||
| 700 | _aAugerstein, Moshe, J. and Tenenhaum Aaron M. | ||
| 942 |
_2ddc _cIT _05 |
||
| 999 |
_c3601 _d3601 |
||